Dellago /
I tiakina i:
| Kaituhi matua: | |
|---|---|
| Kaituhi rangatōpū: | |
| Hōputu: | Pukapuka |
| Reo: | Pōrihi |
| I whakaputaina: |
Warszawa :
"Książka i Wiedza",
1986
|
| Ngā Tūtohu: |
Kāore He Tūtohu, Me noho koe te mea tuatahi ki te tūtohu i tēnei pūkete!
|
MARC
| LEADER | 00000nam a2200000 i 4500 | ||
|---|---|---|---|
| 001 | 991007904949705066 | ||
| 005 | 20260515140227.0 | ||
| 008 | 981103s1986 pl |000 f pol | ||
| 020 | |a 8305118037 | ||
| 035 | |a 991007904949705066 | ||
| 035 | |a (PL-WaBN)b12039445-48omnis_nlop | ||
| 035 | |a b12039445 | ||
| 035 | |a (OCoLC)169982880 | ||
| 035 | |a (PL)b0000001203944 | ||
| 035 | |a (EXLNZ-48OMNIS_NETWORK)9910093408905606 | ||
| 040 | |a WA N |c WA N |d KR U | ||
| 041 | 0 | |a pol | |
| 080 | |a 884-3 | ||
| 090 | |c 94 |d 93 | ||
| 100 | 1 | |a Szczepański, Mieczysław | |
| 245 | 1 | 0 | |a Dellago / |c Mieczysław Szczepański. |
| 260 | |a Warszawa : |b "Książka i Wiedza", |c 1986 |e (Piła : |f RSW"PKR"). | ||
| 300 | |a 220, [4] s. ; |c 17 cm. | ||
| 710 | 2 | |a Spółdzielnia Wydawniczo-Handlowa "Książka i Wiedza" | |
| 920 | |a 83-05-11803-7 zł 120 | ||
| 942 | |c K | ||
| 952 | |0 0 |1 0 |4 0 |6 R__72_000000000000000 |7 0 |9 91 |a RYT |b RYT |d 2026-05-12 |e 1/2014 |g 10.00 |l 0 |o R.72 |p 2000000000725 |r 2026-05-15 14:02:27 |w 2026-05-15 |y BK |z da | ||
| 999 | |c 91 |d 91 | ||